00588nam a2200157Ia 4500008004100000020001800041082001400059100001800073245005400091260003400145300001100179500007200190650006300262952008800325999001700413120622s9999 xx 000 0 und d a950-15-0521-9 a813 B118i aBach, Richard aIlusiones / Richard Bach ; tr. Eduardo Goligorski aBuenos Aires : Javier Vergara a140 p. aTítulo original: Illusions. The adventures of a reluctant messiab a1. NOVELA ESTADOUNIDENSE \ 2. LITERATURA ESTADOUNIDENSEÌ 00104070a01b01d2007-01-25l0o813 B118Ip01 002524r2012-06-24w2012-06-24yLB c58347d58347